000 00497nam a22001937a 4500
003 MPLRDC
005 20220104202313.0
008 210129b ||||| |||| 00| 0 eng d
020 _a978-986-319-005-9
082 _a857.7 HX-3 v.2
100 _a护玄
245 _a恶邻
_cAKRU 插画
250 _a初版一刷
260 _a台湾
_b盖亚文化有限公司
_c2012
300 _b
520 _a新书上架 2018-05-16。
650 _a现代长篇小说
942 _cBK
_o857.7 HX-3 v.2
999 _c67581
_d67571